| 000 | 01884na a2200421 4500 | ||
|---|---|---|---|
| 999 |
_c6715 _d6715 |
||
| 001 | 19672 | ||
| 003 | MIRAKIL | ||
| 005 | 20210323113425.0 | ||
| 008 | 170126b tu 000 0 | ||
| 035 | _a19672 | ||
| 040 |
_aTR-AnCHP _btur _cTR-AnCHP |
||
| 041 | _atur | ||
| 082 |
_aCHP 324.2372 _bC36s 2011 |
||
| 090 | _aBROŞÜR 87 | ||
| 110 | _aCumhuriyet Halk Partisi (CHP) | ||
| 222 | _aSanayi programı | ||
| 245 |
_aYeni sanayi politika çerçevesi _bÜreten sanayi kalkınan Türkiye _cCHP |
||
| 246 | _aÜreten sanayi kalkınan Türkiye | ||
| 260 |
_aAnkara _bCHP _c2011 |
||
| 300 |
_a74 s. _brnkl. grf. _c21 sm. |
||
| 440 |
_aCumhuriyet Halk Partisi yayınları _pProgramlar _pHerkes için CHP |
||
| 500 | _aDış kapakta yapıt adı : Cumhuriyetin 100. yılına doğru yeni sanayi politika çerçevesi : Üreten sanayi kalkınan Türkiye | ||
| 505 | _aSanayi sektöründe temel sorunalanları ve mevcut durum -- Sanayi sektörü açısından ileriye yönelik riskler -- Yeni sanayi politikasının çerçevesi | ||
| 600 |
_aKılıçdaroğlu, Kemal _xPropaganda ve ideolojiler _ySanayi |
||
| 600 |
_aKılıçdaroğlu, Kemal _cCHP Genel Başkanı _xSeçim kampanyaları, 2011 _ySanayi |
||
| 610 |
_aCHP _xSeçim kampanyaları, 2011 _ySanayi |
||
| 610 |
_aCHP _xPropaganda ve ideolojiler _yGenel seçimler, 2011 |
||
| 610 |
_aCHP _xSiyaset ve yönetim _yKılıçdaroğlu dönemi |
||
| 651 |
_aTürkiye _xSiyaset ve yönetim _y2010-2014 |
||
| 740 | _aCumhuriyetin 100. yılına doğru yeni sanayi politika çerçevesi : Üreten sanayi kalkınan Türkiye | ||
| 740 | _aÜreten sanayi kalkınan Türkiye | ||
| 740 | _aYeni sanayi politika çerçevesi | ||
| 830 | _aCHP programları | ||
| 942 |
_2ddc _cBKS |
||
| 999 | _d6715 | ||